[Event "Bremen-ch"]
[Site "Bremen"]
[Date "2019.04.13"]
[Round "1.19"]
[White "Pfluger, Jan"]
[Black "Sommer, Andreas"]
[Result "0-1"]
[WhiteElo "1529"]
[BlackElo "1769"]
[PlyCount "74"]
[EventDate "2019.04.13"]
[EventType "swiss"]
[EventRounds "9"]
[EventCountry "GER"]
[SourceTitle "EXT 2020"]
[Source "ChessBase"]
[SourceDate "2019.10.17"]
[SourceVersion "1"]
[SourceVersionDate "2019.10.17"]
[SourceQuality "1"]

1. e4 c5 2. Nf3 d6 3. c3 Nf6 4. Qc2 Nc6 5. d4 cxd4 6. cxd4 Bd7 7. Nc3 g6 8. g3 Bg7 9. Bg2 0-0 10. 0-0 Rc8 11. Re1 b5 12. Qd3 b4 13. Ne2 a5 14. d5 Na7 15. Nfd4 Ng4 16. f4 Qb6 17. h3 Nb5 18. hxg4 Nxd4 19. Be3 Nxe2+ 20. Qxe2 Qb5 21. f5 Qxe2 22. Rxe2 Rc4 23. Rd1 Rfc8 24. Rf1 a4 25. Rff2 Bb5 26. Rd2 Be5 27. Kh2 Rc1 28. Bf3 Ra1 29. b3 Bc3 30. Rd1 axb3 31. axb3 Rca8 32. Rxa1 Rxa1 33. Rg2 Rb1 34. Ra2 Rxb3 35. Ra5 Bd3 36. Bh6 Ra3 37. Rxa3 bxa3 0-1

[Event "Niedersachsen-ch op B"]
[Site "Verden"]
[Date "2018.01.07"]
[Round "7"]
[White "Pfluger, Jan"]
[Black "Yang, Felix"]
[Result "0-1"]
[WhiteElo "1533"]
[BlackElo "1451"]
[PlyCount "98"]
[EventDate "2018.01.04"]
[EventType "swiss"]
[EventRounds "7"]
[EventCountry "GER"]
[SourceTitle "EXT 2022"]
[Source "ChessBase"]
[SourceDate "2021.10.06"]
[SourceVersion "1"]
[SourceVersionDate "2021.10.06"]
[SourceQuality "1"]

1. e4 c5 2. Nf3 Nc6 3. d4 cxd4 4. Nxd4 Nf6 5. Nc3 e6 6. Bg5 Be7 7. g3 Nxe4 8. Bxe7 Nxc3 9. Qg4 Kxe7 10. Nxc6+ bxc6 11. Qg5+ Kd6 12. Qf4+ Ke7 13. Qb4+ Ke8 14. Qxc3 f6 15. Bg2 Kf7 16. 0-0 Re8 17. Rad1 Bb7 18. Qd3 d5 19. Qxh7 Qa5 20. a3 Rh8 21. Qd3 Ba6 22. Qe3 Bxf1 23. Rxf1 Rh5 24. Qb3 Qb5 25. Qc3 c5 26. Re1 Rah8 27. h3 d4 28. Qd2 Qxb2 29. a4 Qb4 30. Qxb4 cxb4 31. Rd1 e5 32. Rb1 a5 33. Re1 Rc8 34. Bf3 Rhh8 35. Re2 Rc3 36. Kg2 Rhc8 37. Be4 Ra3 38. Bd5+ Kf8 39. Bb3 Rc3 40. Re1 Rcxb3 41. cxb3 Rxb3 42. Kf1 Ra3 43. Rb1 Rxa4 44. Ke1 Ra2 45. h4 d3 46. f3 Kf7 47. Rb3 Ra3 48. Rb2 b3 49. Kd2 Ra2 0-1

[Event "Niedersachsen-ch op B"]
[Site "Verden"]
[Date "2018.01.06"]
[Round "5"]
[White "Vaduva, Ilie"]
[Black "Pfluger, Jan"]
[Result "1-0"]
[WhiteElo "1513"]
[BlackElo "1533"]
[PlyCount "101"]
[EventDate "2018.01.04"]
[EventType "swiss"]
[EventRounds "7"]
[EventCountry "GER"]
[SourceTitle "EXT 2022"]
[Source "ChessBase"]
[SourceDate "2021.10.06"]
[SourceVersion "1"]
[SourceVersionDate "2021.10.06"]
[SourceQuality "1"]

1. e4 e5 2. Nf3 Nc6 3. Bc4 Bc5 4. a3 Nf6 5. d3 d6 6. Bg5 Be6 7. Bxe6 fxe6 8. Nbd2 d5 9. b4 Bd6 10. 0-0 0-0 11. Re1 a6 12. h3 Qe8 13. Re2 Qh5 14. Qf1 Rae8 15. g4 Qg6 16. Qg2 Nd4 17. Nxd4 exd4 18. Bxf6 Qxf6 19. Rf1 c6 20. Rfe1 Bf4 21. e5 Qh6 22. Nb3 Rf7 23. Rd1 Ref8 24. Nxd4 Re8 25. Nb3 Qg5 26. Rde1 Qh4 27. c4 dxc4 28. dxc4 Rd8 29. Nc5 Re7 30. Re4 Qh6 31. Qf1 Rf8 32. Rd1 Qg6 33. Qe2 Qh6 34. Kg2 Bg5 35. a4 Bh4 36. f3 Qg6 37. Rf1 Rc7 38. Rd4 Be7 39. Ne4 Bxb4 40. c5 a5 41. Rc4 Rd7 42. Qc2 Rd5 43. f4 Qh6 44. Qc1 Rd3 45. Ng5 Qh4 46. Nf3 Qh6 47. Rd1 Rxd1 48. Qxd1 Rxf4 49. g5 Qg6 50. Rxf4 Qe8 51. Rd4 1-0

[Event "Niedersachsen-ch op-D"]
[Site "Verden"]
[Date "2017.01.05"]
[Round "2"]
[White "Pfluger, Jan"]
[Black "Menke, Stefan"]
[Result "1-0"]
[WhiteElo "1504"]
[BlackElo "1046"]
[PlyCount "41"]
[EventDate "2017.01.05"]
[EventType "swiss"]
[EventRounds "7"]
[EventCountry "GER"]
[SourceTitle "CBM 187 Extra"]
[Source "ChessBase"]
[SourceDate "2018.11.04"]
[SourceVersion "1"]
[SourceVersionDate "2018.11.04"]
[SourceQuality "1"]

1. e4 e5 2. Nf3 d6 3. Nc3 Nf6 4. d4 exd4 5. Nxd4 d5 6. exd5 Nxd5 7. Bc4 Nxc3 8. Qf3 Qe7+ 9. Be3 g6 10. bxc3 Bg7 11. 0-0 0-0 12. Rfe1 c6 13. Qg3 Re8 14. Kf1 Qc5 15. Bb3 Bd7 16. Ne6 Be5 17. Nxc5 Bxg3 18. hxg3 b6 19. Nxd7 Nxd7 20. Rad1 Ne5 21. f3 1-0

[Event "Niedersachsen-ch op-D"]
[Site "Verden"]
[Date "2017.01.05"]
[Round "1"]
[White "Wallat, Joel"]
[Black "Pfluger, Jan"]
[Result "1-0"]
[WhiteElo "1008"]
[BlackElo "1504"]
[PlyCount "59"]
[EventDate "2017.01.05"]
[EventType "swiss"]
[EventRounds "7"]
[EventCountry "GER"]
[SourceTitle "CBM 187 Extra"]
[Source "ChessBase"]
[SourceDate "2018.11.04"]
[SourceVersion "1"]
[SourceVersionDate "2018.11.04"]
[SourceQuality "1"]

1. e4 e5 2. Nf3 Nc6 3. Bc4 Nf6 4. Ng5 d5 5. exd5 Na5 6. Bb3 Nxb3 7. axb3 Nxd5 8. d3 h6 9. Nf3 Bg4 10. 0-0 Bd6 11. Be3 0-0 12. c4 Nb4 13. c5 Be7 14. Qd2 Nxd3 15. Rd1 e4 16. Nc3 exf3 17. Qxd3 fxg2 18. Qxd8 Raxd8 19. Rxd8 Rxd8 20. Kxg2 Ra8 21. Nb5 c6 22. Nd6 b6 23. cxb6 Bxd6 24. bxa7 Bc8 25. Rd1 Be7 26. Kf3 Bb7 27. Rd7 Bd6 28. Rxb7 Kf8 29. Bf4 Bxf4 30. Kxf4 1-0

[Event "Niedersachsen-ch op-C"]
[Site "Verden"]
[Date "2016.01.06"]
[Round "7"]
[White "Pfluger, Jan"]
[Black "Gawollek, Hans"]
[Result "0-1"]
[WhiteElo "1158"]
[BlackElo "1410"]
[PlyCount "186"]
[EventDate "2016.01.03"]
[EventType "swiss"]
[EventRounds "7"]
[EventCountry "GER"]
[SourceTitle "EXT 2018"]
[Source "ChessBase"]
[SourceDate "2017.10.13"]
[SourceVersion "1"]
[SourceVersionDate "2017.10.13"]
[SourceQuality "1"]

1. e4 e5 2. Nf3 d6 3. h3 Nf6 4. Nc3 h6 5. Bc4 Nc6 6. d3 a6 7. Be3 Na5 8. Bd5 c6 9. Bb3 Nxb3 10. axb3 Be7 11. 0-0 0-0 12. Qe2 b5 13. d4 exd4 14. Bxd4 Bb7 15. Rfd1 Qc7 16. e5 Ne8 17. Rd2 dxe5 18. Bxe5 Bd6 19. Rad1 Rd8 20. Rd3 f6 21. Bf4 Rf7 22. R1d2 Re7 23. Bxd6 Rxd6 24. Qd1 Red7 25. Ne4 Rxd3 26. Rxd3 Rxd3 27. Qxd3 Bc8 28. Nc5 Nd6 29. Nd4 Kf7 30. b4 Nc4 31. Qb3 Qd6 32. Nf3 Qd1+ 33. Kh2 Qc1 34. Qc3 Qxb2 35. Qd3 Ne5 36. Nxe5+ Qxe5+ 37. Kh1 Qe1+ 38. Kh2 Qe5+ 39. Kg1 Qe1+ 40. Kh2 Qxf2 41. Ne4 Qf4+ 42. Kh1 Qc7 43. c3 Qd7 44. Qf3 Qd5 45. Qf4 Qd1+ 46. Kh2 Qd7 47. Nd2 Qe6 48. Nf3 Ke7 49. Qd4 Qd6+ 50. Qxd6+ Kxd6 51. Kg3 Kd5 52. Nd2 g5 53. Kf3 c5 54. Ke3 f5 55. g3 h5 56. Kd3 Be6 57. Nf3 g4 58. hxg4 fxg4 59. Nd2 Bf5+ 60. Ke3 Ke5 61. Nb3 cxb4 62. cxb4 Bc8 63. Kd3 Be6 64. Na5 Bd5 65. Ke3 Bf3 66. Nb3 Bb7 67. Kd3 Be4+ 68. Ke3 Bb7 69. Nc5 Bc8 70. Nd3+ Kd5 71. Nb2 Bf5 72. Nd3 Kc4 73. Nc5 Bc8 74. Nd3 Bf5 75. Nc5 Kxb4 76. Nxa6+ Kc3 77. Ke2 b4 78. Kd1 b3 79. Nc5 b2 80. Na4+ Kb3 81. Nxb2 Kxb2 82. Ke2 Kc3 83. Ke3 Bd7 84. Kf2 Kd3 85. Kg2 Ke3 86. Kg1 Kf3 87. Kh2 Kf2 88. Kh1 Bc6+ 89. Kh2 Kf3 90. Kg1 Kxg3 91. Kf1 h4 92. Kg1 h3 93. Kf1 h2 0-1

[Event "GER-chT U10"]
[Site "Magdeburg"]
[Date "2014.12.28"]
[Round "5.2"]
[White "Nguyen, Jenny Ha Linh"]
[Black "Pfluger, Jan"]
[Result "0-1"]
[WhiteElo "849"]
[BlackElo "966"]
[PlyCount "84"]
[EventDate "2014.12.27"]
[EventType "team-swiss"]
[EventRounds "7"]
[EventCountry "GER"]
[SourceTitle "EXT 2016"]
[Source "ChessBase"]
[SourceDate "2015.10.08"]
[SourceVersion "1"]
[SourceVersionDate "2015.10.08"]
[SourceQuality "1"]
[WhiteTeam "Leipzig Gruen Weiss III"]
[BlackTeam "Bremen Ost"]
[WhiteTeamCountry "GER"]
[BlackTeamCountry "GER"]

1. e4 e5 2. Nf3 Nc6 3. Bc4 Bc5 4. Nc3 Nf6 5. d3 h6 6. 0-0 0-0 7. h3 d6 8. b3 Be6 9. Bxe6 fxe6 10. Bb2 d5 11. exd5 exd5 12. Qd2 Bb4 13. Rfe1 d4 14. Nxe5 Nxe5 15. Rxe5 dxc3 16. Bxc3 Qd6 17. Rae1 Bxc3 18. Qxc3 Qb6 19. Re6 c6 20. R1e5 Nd5 21. Qc4 Qxf2+ 22. Kh1 Qg3 23. Kg1 Rf4 24. Qxf4 Nxf4 25. Re8+ Rxe8 26. Rxe8+ Kh7 27. Kf1 Qxg2+ 28. Ke1 Kg6 29. Kd1 Qf2 30. Kc1 Qd4 31. Kd2 Kg5 32. c3 Qf2+ 33. Kd1 Kh4 34. Re4 Kg3 35. d4 Qf3+ 36. Kd2 Qxe4 37. a4 Qd3+ 38. Kc1 Ne2+ 39. Kb2 Qxc3+ 40. Ka3 Nxd4 41. Ka2 Qxb3+ 42. Ka1 Nc2# 0-1